| 000 | 00572nam a2200193 a 4500 | ||
|---|---|---|---|
| 005 | 20260427140725.0 | ||
| 008 | 260416s2026##################000#0#eng## | ||
| 020 |
_a9780406000521 _qhbk |
||
| 041 | _aeng | ||
| 082 | 0 | 4 | _a348.42 ALL(R) |
| 100 | _aBridgman, G. F. L. | ||
| 245 | 1 | 0 |
_aThe All England Law reports reprint: _b1933 _c/G.F.L. Bridgman |
| 260 |
_aLondon _bButterworth & Co. (Publishers) Ltd. _c1958 |
||
| 300 |
_a1002p. : _c23cm. |
||
| 650 | _aLaws, regulations, cases | ||
| 700 | _a Swingland, O. M. W. | ||
| 700 | _aSummerfield, Henry | ||
| 942 | _cENGLISH | ||
| 999 |
_c619521 _d619521 |
||